Movie Production Companies #1 - Statistics

General Stats
  • This quiz has been taken 37 times
  • The average score is 8 of 12
Answer Stats
Picture Answer % Correct
Paramount Pictures
93%
Disney
89%
DreamWorks
89%
Warner Bros. Pictures
89%
Columbia Pictures
79%
20th Century Fox
75%
Universal Pictures
64%
New Line Cinema
50%
Sony Pictures
50%
A24
43%
Legendary Pictures
43%
Laika Studio
18%
No matching quizzes found
Score Distribution
Percent of People with Each Score
Percentile by Number Answered
Your Score History
You have not taken this quiz